000 00497cam a2200205ua 4500
001 5292
005 20260515113847.0
008 120730n ii |||gr||||Z||||||eng
020 _a81-7581-050-5
040 _cMAIN
082 _a821
100 _aAuden, W. H.,
_eAuthor,
245 1 1 _aSelect poem
_cby W. H. Auden
250 _a13th.
260 _aNew Delhi:
_bRama brothers,
_c2002.
300 _a236p:
_c23cm.
653 _aEnglish poetry
700 _aTilak, Raghukul,
_eEditor,
942 _cBK
999 _c4470
_d4470